| 000 | 00916nam a22002297a 4500 | ||
|---|---|---|---|
| 005 | 20210325174637.0 | ||
| 008 | s2537 th tha d | ||
| 020 | _a9746311891 | ||
| 041 | _atha | ||
| 050 | _aPF3135 พ2830อ 2537 | ||
| 100 | 0 | _aพรสวรรค์ วัฒนางกูร | |
| 245 | 1 | 0 | _aออกเสียงภาษาและเยอรมัน |
| 246 | _aDeutsche phonetik | ||
| 260 | 3 |
_aกรุงเทพฯ : _bสำนักพิมพ์จุฬาลงกรณ์มหาวิทยาลัย, _c2537 |
|
| 300 |
_a277 หน้า : _b ภาพประกอบ, ตาราง ; _c 21 ซม. |
||
| 650 | 0 | 4 | _aภาษาเยอรมัน -- การออกเสียง |
| 650 | 0 | 4 | _aภาษาเยอรมัน -- สัทศาสตร์ |
| 850 | _aNALT | ||
| 942 | _cGB | ||
| 997 | _c000000000004580 | ||
| 998 | _aSOPAPORN | ||
| 999 |
_c4580 _d4580 |
||